000 00308nam a22001337a 4500
008 171226b xxu||||| |||| 00| 0 eng d
020 _a9780838515242
041 _aeng
080 _a610
100 _a3
101 _aSHM
245 _aCurrent Medical Diagnosis & Treatment
_cTierney, L.M
942 _2udc
_cBK
999 _c39388
_d39388